Ninja inovace deset zabijáckých strategií

Saved in:
Bibliographic Details
Main Author: Shapiro, Gary
Other Authors: Froněk, Martin
Format: Book
Language:Czech
Published: Brno Zoner Press 2014
Edition:První vydání
Subjects:
Tags: Add Tag
No Tags, Be the first to tag this record!

MARC

LEADER 00000nam a2200000 4500
001 0280199
005 20240416113605.7
020 |a 978-80-7413-288-9 
041 0 |a cze 
044 |a CZ 
245 1 0 |a Ninja inovace  |b deset zabijáckých strategií  |c Gary Shapiro ; překlad: Martin Froněk 
250 |a První vydání 
264 1 |a Brno  |b Zoner Press  |c 2014 
300 |a 237 s. 
610 2 0 |a podnikanie 
610 2 0 |a podnikatelia 
610 2 0 |a úspech pracovný 
610 2 0 |a stratégia podnikateľská 
610 2 0 |a rozvoj osobný 
610 2 0 |a rozvoj podniku 
610 2 0 |a inovácia 
100 1 |a Shapiro, Gary 
700 1 |a Froněk, Martin